| 000 | 00476nam a2200169 i 4500 | ||
|---|---|---|---|
| 001 | 51793 | ||
| 003 | ES-MaACL | ||
| 005 | 20260303063012.0 | ||
| 007 | t| | ||
| 008 | 030819s1905 sp ||||1| spa d | ||
| 100 | 1 |
_aDanvila, Alfonso, _d1879-1945 _942674 |
|
| 245 | 1 | 0 |
_aCuentos de Infantas / _cAlfonso Danvila y Burguero. |
| 260 |
_aMadrid : _b[s.n.], _c1905 ( _fJaime Ratés) |
||
| 300 |
_a298 p. ; _c17 cm. |
||
| 852 |
_aES-MaACL _jG-311 |
||
| 999 |
_c51793 _d51793 |
||